| 000 | 00732 a2200205 4500 | ||
|---|---|---|---|
| 003 | Nust | ||
| 005 | 20221212123548.0 | ||
| 010 | _a 2004026217 | ||
| 020 | _a8178082586 | ||
| 040 | _cNust | ||
| 082 | _a621.38212,HER | ||
| 100 |
_aHersent, Olivier _9104644 |
||
| 245 |
_aIP telephony : _bpacket-based multimedia communications systems / _cOlivier Hersent, David Gurle and Jean-Pierre Petit |
||
| 260 |
_aPearson _bNew Delhi _c2003 |
||
| 300 | _axviii, 456 p. | ||
| 505 | _aSection 1.The Application Layer IP Telephony Protocols (Page-1), Section 2. Voice Technology Background (Page-195), Section 3. The Network (Page-293). | ||
| 650 | _aTelecommunication engineering | ||
| 700 |
_aGurle, David _9104645 |
||
| 942 |
_2ddc _cBK |
||
| 999 |
_c182662 _d182662 |
||